000 00645nam a2200205 a 4500
003 BD-DhJNU
005 20250617042219.0
008 850613s1986 nyua b 001 0 eng
020 _a0070501211
040 _aBD-DhJNU
_bENG
_cBD-DhJNU
_dBD-DhJNU
082 0 0 _a320.973 PIA
_223
100 1 _aPious, Richard M.
245 1 0 _aAmerican politics and government /
_cRichard M. Pious
260 _aNew York :
_bMcGraw-Hill,
_cc1986.
300 _axvi, 736 p. :
_bill. (some col.) ;
_c26 cm.
500 _aSome ill. on lining papers.
504 _aIncludes bibliographies and index.
651 0 _aUnited States
_xPolitics and government.
942 _cBK
999 _c1774
_d1774